000 00559nam a2200193 a 4500
001 5772
003 CO-ViMGA
008 141112s2004 ck r 000 u spa d
020 _a9586014258
040 _aCO-ViMGA
_bspa
_cCO-ViMGA
082 0 4 _a330.9861 C172m
100 1 _aCardenas, Mauricio
_94270
245 1 0 _aMacroEconomía de los flujos de capital en Colombia y América Latina
260 _aSantafé de Bogotá :
_bTercer mundo,
_c1993
300 _a335 p
650 1 4 _aEconomía COLOMBIANA
_952813
650 1 4 _aMACROEconomía
_96150
942 _2ddc
_cBK
999 _c17751
_d17751